Galileo's commandment : an anthology of great science writing /

Bibliographic Details
Other Authors: Bolles, Edmund Blair, 1942-
Format: Book
Language:English
Published: New York : W.H. Freeman, [1997]
Subjects:

MARC

Tag First Indicator Second Indicator Subfields
LEADER 00000cam a2200000 a 4500
001 in00001403416
005 20151020055516.0
008 970219s1997 nyuab 001 0 eng
010 |a  97005997  
020 |a 0716730359 
035 |a (OCoLC)36461637 
035 |9 AHN4655AM 
040 |a DLC  |c DLC  |d TXA  |d UtOrBLW 
049 |a TXAM 
050 0 0 |a Q162  |b .G22 1997 
082 0 0 |a 500  |2 21 
245 0 0 |a Galileo's commandment :  |b an anthology of great science writing /  |c edited by Edmund Blair Bolles. 
264 1 |a New York :  |b W.H. Freeman,  |c [1997] 
264 4 |c ©1997 
300 |a xxiii, 485 pages :  |b illustrations, map ;  |c 24 cm. 
336 |a text  |b txt  |2 rdacontent 
337 |a unmediated  |b n  |2 rdamedia 
338 |a volume  |b nc  |2 rdacarrier 
500 |a Includes index. 
650 0 |a Science  |v Popular works. 
650 0 |a Science. 
650 0 |a Science news. 
650 0 |a Technical writing. 
700 1 |a Bolles, Edmund Blair,  |d 1942- 
948 |a c:cer 
999 |a MARS 
999 f f |s 1b0fc356-8d4b-3ad2-b419-a8064d39edb0  |i 8deda59b-49fb-3be7-8f87-c105392c2f29  |t 0 
952 f f |p normal  |a Texas A&M University  |b College Station  |c Sterling C. Evans Library  |d Evans: Library Stacks  |t 0  |e Q162 .G22 1997  |h Library of Congress classification  |i unmediated -- volume  |m A14822469992 
998 f f |a Q162 .G22 1997  |t 0  |l Evans: Library Stacks